W.H. Auden /

Bibliographic Details
Main Author: Wright, George T. (George Thaddeus)
Format: Book
Language:English
Published: Boston : Twayne Publishers, 1981.
Edition:Rev. ed.
Series:Twayne's United States authors series ; TUSAS 144.
Subjects:

MARC

Tag First Indicator Second Indicator Subfields
LEADER 00000cam a22000008a 4500
001 in00000072001
005 20151008062512.0
008 810416s1981 mauc b 00110 eng
010 |a  81004153  
020 |a 0805773460 
035 |a (OCoLC)07553511 
035 |9 AAK0356AM 
039 0 |a 2  |b 3  |c 3  |d 3  |e 3 
040 |a DLC  |c DLC  |d TXA  |d UtOrBLW 
049 |a TXAM  |c [800549] 
050 0 0 |a PS3501.U55  |b Z94 1981 
082 0 |a 811/.52  |2 19 
100 1 |a Wright, George T.  |q (George Thaddeus) 
245 1 0 |a W.H. Auden /  |c by George T. Wright. 
250 |a Rev. ed. 
263 |a 8112 
264 1 |a Boston :  |b Twayne Publishers,  |c 1981. 
300 |a 232 pages :  |b portrait ;  |c 21 cm. 
336 |a text  |b txt  |2 rdacontent 
337 |a unmediated  |b n  |2 rdamedia 
338 |a volume  |b nc  |2 rdacarrier 
490 1 |a Twayne's United States authors series ;  |v TUSAS 144 
500 |a Includes index. 
504 |a Bibliography: pages 213-225. 
600 1 0 |a Auden, W. H.  |q (Wystan Hugh),  |d 1907-1973  |x Criticism and interpretation. 
830 0 |a Twayne's United States authors series ;  |v TUSAS 144. 
999 |a MARS 
999 f f |s c2e0517e-cce7-3aa8-b399-7c0778a3c09c  |i 04a4de8a-a0fd-3b8e-832d-35812e060602  |t 0 
952 f f |p ric  |a Texas A&M University  |b Rellis Campus  |c Joint Library Facility  |d Remote Storage  |t 0  |e PS3501.U55 Z94 1981  |h Library of Congress classification  |i unmediated -- volume  |m A14806190177 
998 f f |a PS3501.U55 Z94 1981  |t 0  |l Remote Storage